00804nam a22002297a 450000500170000001000150001702000260003203500140005803700090007208200110008110000270009224500320011925000060015126000410015727000880019830000260028649000120031250000510032494200220037599900190039795201580041620260116122222.0 aENG-147512 a9789361596636c550.00 aEN-131044 bDBAD a30121 aDeepanshu Singh986502 aSociology/cDeepanshu Singh a1 aNoidabPearson India Educationc2026 a15th Floor, Towe-B, World Trade Tower, Plot No.1, Block-C, Sector-16bNoidae201301 avpp.c23cm(pb)bIndex vPaper 1 aFor UPSC and State Civil Services Examination  2ddccENh301mDEE c214221d214221 001040708NFICaRC3ANbRC3ANd2026-01-16eDelivery of Books Act Divisiong550.00l0o301 DEEpEN-131044r2026-01-16 00:00:00t1v550.00w2026-01-16yEN